000 00340nam a2200145Ia 4500
008 230524s9999 xx 000 0 und d
020 _a9788131505540
100 _aPatric M.Dunne
245 0 _aRetail Management
260 _bCengage
500 _aQuantity Number: 5
650 _aManagement
700 _aRobert F.Lusch
942 _cBK
999 _c51305
_d51305